Películas por pistas #1 - Estadísticas

Estadísticas generales
  • Esta prueba ha sido intentada 10.833 veces
    10.028 desde el último reinicio
  • La puntuación promedio es 11 de 16
Estadísticas de respuestas
Pistas Película % Correcto
Barco, Iceberg, Amor Titanic
96%
Juguetes, Woody, Buzz Lightyear Toy Story
96%
Dinosaurios, Parque, ADN Parque Jurásico
95%
Ogro, Fiona, Burro Shrek
93%
Fantasmas, Equipo, Ectoplasma Los cazafantasmas
86%
Mafia, Familia, Caballo El padrino
81%
DeLorean, Viaje Temporal, Doc Regreso al Futuro
77%
Caos, Villano, Batman Joker
71%
Correr, Caja de Chocolates, Vietnam Forrest Gump
70%
Realidad, Neo, Morfeo The Matrix
67%
Pandora, Na'vi, Naturaleza Avatar
62%
Lucha, Insomnio, Jabón El club de la lucha
61%
Holocausto, Amor, Guido La vida es bella
54%
Hotel, Locura, "Here's Johnny" El resplandor
49%
Batería, Obsesión, Jazz Whiplash
42%
Violencia, Drogas, Ludovico La naranja mecánica
11%
No se encontraron pruebas coincidentes
Distribución de puntuación
Porcentaje de gente con cada puntuación
Porcentaje por número respondido
Historial de tus puntuaciones
No has intentado esta prueba desde el último reinicio